Statistics for Yiddish Loan Words Quiz

Click here to take the quiz!

General Stats

  • This quiz has been taken 95 times
  • The average score is 9 of 25

Answer Stats

HintAnswer% Correct
A clumsy, akward, or foolish personKlutz
84%
Correct according to Jewish law, normally used in reference to Jewish dietary lawsKosher
70%
Cured salmonLox
67%
A ring-shaped bread roll made by boiling or steaming, and then baking, the doughBagel
64%
A gentile, term for someone not of the Jewish faith or peopleGoy
61%
An upright person; a decent human beingMensch
59%
Potato pancake, especially during HanukkahLatke
57%
The circumcision of a male childBris
47%
DirtSchmutz
47%
A small malfunctionGlitch
43%
SpreadSchmeer
43%
A sweet cheese-filled crepeBlintz
37%
MoneyGelt
30%
A man-made humanoid; an androidGolem
30%
A doughy snack stuffed with potato, meat, or cheeseKnish
29%
To express great pleasure combined with prideKvell
28%
A talkative woman; a gossip; a scoldYenta
26%
A Lithuanian JewLitvak
21%
A multipurpose interjection analogous to "well?", "so?", or "so what?"Nu
18%
Pleasingly plump, buxom, full-figured, as a womanZaftig
12%
To pester, nag, whineNoodge
11%
Worthless, distasteful, or nonsensical materialDreck
9%
BastardMamzer
8%
A thief, scoundrel, rascalGanef
7%
A chilled soup made of sorrelSchav
3%

Score Distribution

Percentile by Number Answered

Percent of People with Each Score

Your Score History

You have not taken this quiz